Sports Quiz

Random Sports or NBA Quiz

NBA Top 10 Points in the Paint Since 2000 (PG,SG,SF) Quiz Stats

 Plays Quiz not verified by Sporcle

Challenge
Share
Tweet
Embed
Score 0/130 Timer 10:00
0 Plays Today
Year Player % Correct
2003-04LeBron James
98.8%
2004-05LeBron James
98.8%
2005-06LeBron James
98.8%
2006-07LeBron James
98.8%
2007-08LeBron James
98.8%
2008-09LeBron James
98.8%
2009-10LeBron James
98.8%
2010-11LeBron James
98.8%
2011-12LeBron James
98.8%
2012-13LeBron James
98.8%
2000-01Kobe Bryant
98.6%
2001-02Kobe Bryant
98.6%
2002-03Kobe Bryant
98.6%
2004-05Kobe Bryant
98.6%
2005-06Kobe Bryant
98.6%
2006-07Kobe Bryant
98.6%
2007-08Kobe Bryant
98.6%
2010-11Kobe Bryant
98.6%
2012-13Kobe Bryant
98.6%
2003-04Dwyane Wade
98%
2004-05Dwyane Wade
98%
2005-06Dwyane Wade
98%
2008-09Dwyane Wade
98%
2009-10Dwyane Wade
98%
2010-11Dwyane Wade
98%
2011-12Dwyane Wade
98%
2012-13Dwyane Wade
98%
2009-10Kevin Durant
97.1%
2011-12Kevin Durant
97.1%
2012-13Kevin Durant
97.1%
2010-11Russell Westbrook
96.7%
2011-12Russell Westbrook
96.7%
2012-13Russell Westbrook
96.7%
2002-03Tony Parker
96.7%
2004-05Tony Parker
96.7%
2005-06Tony Parker
96.7%
2006-07Tony Parker
96.7%
2007-08Tony Parker
96.7%
2008-09Tony Parker
96.7%
2010-11Tony Parker
96.7%
2011-12Tony Parker
96.7%
2012-13Tony Parker
96.7%
2000-01Allen Iverson
95.7%
2001-02Allen Iverson
95.7%
Year Player % Correct
2002-03Allen Iverson
95.7%
2004-05Allen Iverson
95.7%
2005-06Allen Iverson
95.7%
2007-08Allen Iverson
95.7%
2003-04Carmelo Anthony
93.8%
2004-05Carmelo Anthony
93.8%
2005-06Carmelo Anthony
93.8%
2006-07Carmelo Anthony
93.8%
2007-08Carmelo Anthony
93.8%
2009-10Carmelo Anthony
93.8%
2008-09Derrick Rose
93.6%
2009-10Derrick Rose
93.6%
2010-11Derrick Rose
93.6%
2000-01Paul Pierce
92.8%
2001-02Paul Pierce
92.8%
2002-03Paul Pierce
92.8%
2005-06Paul Pierce
92.8%
2000-01Vince Carter
92.3%
2005-06Vince Carter
92.3%
2006-07Vince Carter
92.3%
2000-01Gary Payton
89.6%
2001-02Gary Payton
89.5%
2003-04Gary Payton
89.5%
2000-01Tracy McGrady
89.3%
2001-02Tracy McGrady
89.3%
2002-03Tracy McGrady
89.3%
2007-08Chris Paul
89%
2008-09Chris Paul
89%
2012-13James Harden
87.6%
2006-07Monta Ellis
86.9%
2007-08Monta Ellis
86.9%
2009-10Monta Ellis
86.9%
2010-11Monta Ellis
86.9%
2012-13Monta Ellis
86.9%
2000-01Shawn Marion
86.9%
2001-02Shawn Marion
86.9%
2002-03Shawn Marion
86.9%
2003-04Shawn Marion
86.9%
2004-05Shawn Marion
86.9%
2005-06Shawn Marion
86.9%
2006-07Shawn Marion
86.9%
2009-10Shawn Marion
86.9%
2010-11Shawn Marion
86.9%
2009-10Rajon Rondo
84.9%
Year Player % Correct
2005-06Joe Johnson
83.6%
2008-09Joe Johnson
83.6%
2007-08Rudy Gay
83.4%
2008-09Rudy Gay
83.4%
2009-10Rudy Gay
83.4%
2011-12Rudy Gay
83.4%
2011-12John Wall
82.8%
2008-09Andre Iguodala
80%
2009-10Tyreke Evans
74.5%
2011-12Tyreke Evans
74.5%
2011-12Brandon Jennings
72.4%
2001-02Baron Davis
71.1%
2007-08Baron Davis
71.1%
2002-03Richard Jefferson
71.1%
2003-04Richard Jefferson
71.1%
2007-08Richard Jefferson
71.1%
2000-01Stephon Marbury
71%
2001-02Stephon Marbury
71%
2002-03Stephon Marbury
71%
2004-05Stephon Marbury
71%
2003-04Michael Redd
70.2%
2000-01Steve Francis
68.2%
2002-03Steve Francis
68.2%
2012-13Ty Lawson
67.9%
2010-11DeMar DeRozan
64.5%
2006-07Gerald Wallace
62.2%
2008-09Gerald Wallace
62.2%
2000-01Michael Finley
59.5%
2001-02Michael Finley
59.5%
2006-07Luol Deng
59.1%
2003-04Jason Richardson
58.3%
2004-05Jason Richardson
58.3%
2008-09Thaddeus Young
55.3%
2010-11Thaddeus Young
55.3%
2011-12Thaddeus Young
55.3%
2012-13Thaddeus Young
55.3%
2003-04Andrei Kirilenko
50.7%
2003-04Andre Miller
45.8%
2001-02Wally Szczerbiak
31.7%
2002-03Matt Harpring
19.1%
2004-05Desmond Mason
12.9%
2006-07Desmond Mason
12.9%

You're not logged in!

Compare scores with friends on all Sporcle quizzes.
OR
Log In

You Might Also Like...

Show Comments

Extras

Top Quizzes Today


Score Distribution

Your Account Isn't Verified!

In order to create a playlist on Sporcle, you need to verify the email address you used during registration. Go to your Sporcle Settings to finish the process.

Report this User

Report this user for behavior that violates our Community Guidelines.

Details: